Дорожная карта Кавказа (Запись № 12143814)
[ простой вид ]
| 000 -МАРКЕР | |
|---|---|
| контрольное поле | 01777nem0a2200277 4500 |
| 001 - ИДЕНТИФИКАТОР ЗАПИСИ | |
| контрольное поле | RU\NLR\BIBL_A\012150161 |
| 005 - ИДЕНТИФИКАТОР ВЕРСИИ | |
| контрольное поле | 20250623214449.0 |
| 035 ## - ДРУГИЕ СИСТЕМНЫЕ НОМЕРА | |
| Идентификатор записи | (NLR Aleph) 012150161 |
| 100 ## - ДАННЫЕ ОБЩЕЙ ОБРАБОТКИ | |
| Данные общей обработки | 20191129d19131916|||y0rusy50 ca |
| 101 0# - ЯЗЫК РЕСУРСА | |
| Язык текста, звукозаписи и т.д. | русский |
| 102 ## - СТРАНА ПУБЛИКАЦИИ ИЛИ ПРОИЗВОДСТВА | |
| Страна публикации | российская федерация |
| 120 ## - ПОЛЕ КОДИРОВАННЫХ ДАННЫХ: КАРТОГРАФИЧЕСКИЕ МАТЕРИАЛЫ - ОБЩИЕ ХАРАКТЕРИСТИКИ | |
| Кодированные данные о картографическом материале (общие) | byy xx|| |
| 123 1# - ПОЛЕ КОДИРОВАННЫХ ДАННЫХ: КАРТОГРАФИЧЕСКИЕ МАТЕРИАЛЫ - МАСШТАБ И КООРДИНАТЫ | |
| Тип масштаба | а |
| Постоянное отношение линейного горизонтального масштаба | 2100000 |
| 200 1# - ЗАГЛАВИЕ И СВЕДЕНИЯ ОБ ОТВЕТСТВЕННОСТИ | |
| Основное заглавие | Дорожная карта Кавказа |
| Общее обозначение материала | Карты |
| Сведения, относящиеся к заглавию | к XIII съезду русских естествоиспытателей и врачей в Тифлисе 16-24 июня 1913-го года |
| Первые сведения об ответственности | составил по почтовому дорожнику 1911 года капитан Башенев |
| Последующие сведения об ответственности | специальное издание Распорядительнаго комитета |
| 206 ## - ОБЛАСТЬ СПЕЦИФИЧЕСКИХ СВЕДЕНИЙ: КАРТОГРАФИЧЕСКИЕ МАТЕРИАЛЫ - МАТЕМАТИЧЕСКИЕ ДАННЫЕ | |
| Сведения о математических данных | 1:2 100 000, 50 вёрст в 1 дюйме (21 км в 1 см), граф. м-б в вёрстах |
| 210 ## - ПУБЛИКАЦИЯ, РАСПРОСТРАНЕНИЕ И ДР. | |
| Место издания, распространения и т.д. | [Тифлис |
| Дата издания, распространения и т.д. | 1913] |
| 215 ## - ФИЗИЧЕСКАЯ ХАРАКТЕРИСТИКА | |
| Специфическое обозначение материала и объем | 1 к |
| Другие сведения о физической характеристике | 2 цв. |
| Размеры | 43х56 (53х71) см |
| 327 1# - ПРИМЕЧАНИЯ О СОДЕРЖАНИИ | |
| Текст примечания | Доп. карты: Разстояния между портами Чернаго и Азовскаго м.; Караклис, Александрополь, Ани, Эчмиадзин и Эриван.-1:840 000; Окрестности Боржома и Абас-Тумана.-1:420 000; Апшеронский полуостров.-1:420 000; Гора Казбек и Девдоракский ледник.-1:84 000; Группа Минеральных вод.-1:420 000 |
| 509 01 - ЗАГОЛОВОК -СТРУКТУРИРОВАННОЕ ГЕОГРАФИЧЕСКОЕ ИЛИ ТЕМАТИЧЕСКОЕ НАИМЕНОВАНИЕ | |
| Графика поля | Кириллица |
| Географическое / тематическое наименование – начальный элемент ввода | Кавказ |
| Системный номер авторитетной/нормативной записи | 2633926 |
| Идентификатор авторитетной / нормативной записи | RU\NLR\auth_crt\55754 |
| 607 ## - ГЕОГРАФИЧЕСКОЕ НАИМЕНОВАНИЕ КАК ПРЕДМЕТ | |
| Географическое наименование | Кавказ |
| Формальный подзаголовок | Карты |
| Системный номер авторитетной/нормативной записи | 945522 |
| Идентификатор авторитетной/нормативной записи | RU\NLR\AUTH\6632006 |
| 608 ## - ФОРМА, ЖАНР, ФИЗИЧЕСКИЕ ХАРАКТЕРИСТИКИ ДОКУМЕНТА КАК ТОЧКА ДОСТУПА | |
| Начальный элемент ввода | Карты путей сообщения и транспорта |
| Системный номер авторитетной/нормативной записи | 2301684 |
| Идентификатор авторитетной/нормативной записи | RU\NLR\AUTH\6601604446 |
| 852 ## - МЕСТОНАХОЖДЕНИЕ И ШИФР ХРАНЕНИЯ | |
| Идентификатор организации | NLR |
| Наименование фонда или коллекции (Sub-Location Identifier) | К |
| Шифр хранения (Call Number) | 3-Кав 2/234 |
| Идентификатор единицы | 79711 |
| 942 ## - ДОПОЛНИТЕЛЬНЫЕ ЭЛЕМЕНТЫ ЗАПИСИ (АБИС) | |
| Тип экземпляра АБИС | Карта |
| 980 ## - КОЛЛЕКЦИЯ | |
| Название коллекции | Национальная библиография |
Нет доступных экземпляров.